125 matches avec Strasbourg_Mort Subite (difficile) - Statistiques

Statistiques générales
  • Ce quiz a été pris 67 fois
  • Le résultat moyen est 3 sur 15
Answers on the Grid
Answers color-coded by a green-red scale on the quiz's grid according to % correct below.
Mothiba
Ajorque
Dall'Oglio
Bahoken
Bellaïd
Bellegarde
Beye
Caci
Cohade
Dacourt
Habib Diallo
Gameiro
J-C Devaux
Aholou
Lala
Sabo
Le Pen
Leboeuf
Ljuboja
Mayoro N'Doye
Thomasson
Mitrovic
Mouloungui
Ndour
Oukidja
Perrin
Seka
Sels
Sikimic
Habib Diarra
 
Statistiques - réponses
Réponse % Correct
151 matches Ajorque
61%
133 matches Bahoken
39%
138 matches Bellegarde
39%
170 matches Gameiro
26%
131 matches Lala
16%
141 matches Aholou
13%
175 matches Sels
13%
156 matches Thomasson
13%
154 matches Beye
10%
223 matches Leboeuf
10%
141 matches Seka
10%
157 matches Dacourt
6%
183 matches J-C Devaux
6%
138 matches Ljuboja
3%
146 matches Sikimic
3%
Aucun quiz correspondant
Distribution des résultats
% des personnes avec chaque résultat
Percentile par nombre de réponses
Votre historique - résultats
Vous n’avez pas pris ce quiz